000
00214 a2200097 4500
001
48711
100
_a
Rafique Dogar
245
_a
Operation Siachen
260
_a
London
_b
Jang publishers
_c
090
_c
31624
_d
31624
942
_a
NUST-CAE
_c
M
_c
24030
999
_c
283784
_d
283784